000 00464nam a2200133 a 4500
008 120416s1963 ||||||||||||||||| || u
050 _aDT 434.A35 Mbo
245 1 0 _aFreedom and after.
246 _aTom Mboya
260 _aLondon
_bAndre Deutsch
_c1963
300 _a266p
350 _a0.00
995 _D0.00
_FCBU-MAIN LIBRARY (Kitwe)
_H1
_I0.00
_M1
_UAVAILABLE
_WSep 6, 2006
_ZMain Library Open Access Collection
999 _c43980
_d43980